000 00587nam a2200169 i 4500
001 184479
003 ES-MaACL
005 20231228180937.0
008 150910s1947 sp |||| | spa d
100 1 _aPalacio, Eduardo L. del,
_d1872-1969
_988364
245 1 0 _aMétodo cíclico de lengua francesa.
_nCurso tercero /
_cEduardo del Palacio Fontán.
260 _aMadrid :
_bVictoriano Suárez,
_c1947.
300 _a240 p. ;
_c18 cm.
650 0 4 _aLengua francesa-
_vMétodos.
_914225
852 _aES-MaACL
_jB-7562(3)
_z.- Enc. en un vol. facticio
999 _c184479
_d184479